Score 0/28 Timer 03:00
0 Plays Today
Movie Title Common Word % Correct
Moby ______Dick
97.5%
Dear _____John
97.1%
Romeo and ______Juliet
96.7%
Saving Private ______Ryan
95.5%
The Diary of Anne ______Frank
93.7%
The Madness of King ______George
93.2%
Frankie and ______Johnny
92.5%
Thelma & ______Louise
92.4%
There's Something About ______Mary
91.8%
Driving Miss ______Daisy
91.6%
Julie & ______Julia
91.1%
Magic ______Mike
90.7%
Fun with Dick and ______Jane
90%
I Now Pronounce You Chuck & ______Larry
89.3%
Movie Title Common Word % Correct
Shallow ______Hal
83.4%
The Pied ______Piper
82.5%
Chasing ______Amy
79.5%
Along Came ______Polly
76%
Educating ______Rita
73.7%
King ______Ralph
72.3%
What About ______?Bob
72%
Uncle ______Buck
65.5%
Rob ______Roy
59%
Summer of ______Sam
56.5%
Killing ______Zoe
54.6%
Ned ______Kelly
49.9%
Martha Marcy May ______Marlene
48.6%
A Town Like ______Alice
28.6%

Today's Daily Dose

Missing Word
I Hardly Know Her!

Word Ladder
Sentence Ending

Quick Pick
Female Firsts

Get the Picture
Triathlon Sports

Remove Ads.
Support Sporcle.
Get the best of Sporcle when you Go Orange. This ad-free experience offers more features, more stats, and more fun while also helping to support Sporcle. Thank you for becoming a member.

You're not logged in!

Compare scores with friends on all Sporcle quizzes.
OR
Log In

Show Comments

Extras

Top Quizzes Today


Score Distribution

Your Account Isn't Verified!

In order to create a playlist on Sporcle, you need to verify the email address you used during registration. Go to your Sporcle Settings to finish the process.

Report this User

Report this user for behavior that violates our Community Guidelines.

Details: